00416nam a2200145 a 4500008004100000020001500041050001400056100001800070245005700088250001200145260005600157300002100213350001000234650002600244151214s2006 ||||||||||||||||| || u a8180615944 aRD 31 Ebn aEbnezar, John10aTextbook of orthopaedics. (3rd ed.)cBy John Ebnezar a3rd ed. aNew DelhibJaypee Brothers Medical publishersc2006 axxi, 636p.: ill. a24.40 aORTHOPAEDICS--METHODS